00756nam a2200217 a 450000100100000000500170001000800410002702000150006804000250008304100390010808200180014710000190016524000430018424500880022726000610031530000280037649000430040453400520044765000130049970000260051200002594220200930024154.0110224s1987 xxua r 000 0 spa d a0311290108 aDO-SdBNPbspacBNPHU17aspaheng2Código de idiomas MARC a291.72bW734b1 aWillis, Avery.10aBiblical basis of missions.lEspañol13aLa base bíblica de las misiones /cAvery Willis ; traducción de Josie de Smith. aEstados Unidos :bCasa Bautista de Publicaciones,c1987. a142 p. :bil. ;c21 cm.1 aCasa Bautista de Publicaciones.v29010 aTítulo original :tBiblical basis of missions 4aMisiones1 aSmith, Josie de,etr.